000 00488nam a2200193Ia 4500
005 20260429111844.0
008 260429s9999||||xx |||||||||||||| ||und||
020 _a9789389212501
041 _aEnglish
082 _a338
_bSET
100 _aSeth, Ranjana
245 0 _aIndustrial economics /
_cRanjana Seth
250 _a1st ed.
260 _aNew Delhi :
_bAne Books,
_c2024.
300 _axviii, 267p.; hb
650 _a Industrial economics
650 _aEconomics
942 _cTB
999 _c51153
_d51153